This is how I disappear - My Chemical Romance - Statistics

General Stats
  • This quiz has been taken 69 times
  • The average score is 160 of 216
Answer Stats
Answer % Correct
I
97%
i
97%
a
95%
and
95%
And
95%
disappear
92%
how
92%
is
92%
You
92%
you
92%
with
89%
the
87%
without
87%
forever
84%
life
82%
live
82%
my
82%
all
79%
alone
79%
Go 1.
79%
go
79%
To
79%
to
79%
your
79%
know
76%
now
76%
so
76%
So
76%
Can
71%
can
71%
me
71%
that
71%
That
71%
out
68%
boys
66%
down
66%
Well
66%
Who
66%
good
63%
if
63%
it's
63%
tell
63%
girls
61%
hear
61%
can't
58%
cry
58%
Heaven
58%
inside
58%
never
58%
on
58%
show
58%
this
58%
unforgivable
58%
anymore
55%
dead
55%
famous
55%
give
55%
have
55%
I'm
55%
just
55%
knows
55%
living
55%
unexplain
55%
blood
53%
could
53%
far
53%
kids
53%
Let
53%
talk
53%
things
53%
bed
50%
Drain
50%
from
50%
ghost
50%
I'd
50%
see
50%
walks
50%
among
47%
below
47%
dark
47%
done
47%
Drowns
47%
hurt
47%
not
47%
sink
47%
away
45%
choke
45%
night
45%
should
45%
There's
45%
thought
45%
ever
42%
figure
42%
wanna
42%
Words
42%
seance
39%
fuck
37%
really
37%
By
34%
streetlight
34%
No matching quizzes found
Score Distribution
Percent of People with Each Score
Percentile by Number Answered
Your Score History
You have not taken this quiz